[Event "IPCA Wch Blitz 23rd"]
[Site "Gyumri"]
[Date "2024.07.24"]
[Round "4"]
[White "Gurbanov, Andrei"]
[Black "Molenda, Marcin"]
[Result "1-0"]
[WhiteElo "2283"]
[BlackElo "2394"]
[PlyCount "94"]
[EventDate "2024.07.24"]
[EventType "swiss (blitz)"]
[EventRounds "7"]
[EventCountry "ARM"]
[SourceTitle "CBM 221 Extra"]
[Source "ChessBase"]
[SourceDate "2024.09.30"]
[SourceVersion "1"]
[SourceVersionDate "2024.09.30"]
[SourceQuality "1"]

1. d4 g6 2. h4 Nf6 3. Nc3 d5 4. Bg5 Bg7 5. Qd2 Nbd7 6. Bh6 Bxh6 7. Qxh6 c5 8. e3 Qa5 9. 0-0-0 Ne4 10. Nxe4 dxe4 11. Kb1 Nf6 12. dxc5 Be6 13. a3 Qxc5 14. Ne2 Ng4 15. Qg7 Rf8 16. Nc3 a6 17. Nxe4 Qc6 18. Qd4 f5 19. Nc5 Nxf2 20. Nxe6 Qxe6 21. Qa4+ b5 22. Bxb5+ axb5 23. Qxa8+ Kf7 24. Qf3 Nxh1 25. Rxh1 Rd8 26. g4 Qd5 27. Qxd5+ Rxd5 28. gxf5 gxf5 29. Kc1 Re5 30. Kd2 Re4 31. Rf1 Kf6 32. Rf4 Re5 33. a4 Rd5+ 34. Ke2 bxa4 35. Rxa4 Rb5 36. b4 Rb8 37. c4 Ke5 38. Kf3 e6 39. Ra5+ Kd6 40. Ra6+ Ke5 41. b5 Rc8 42. Rc6 Ra8 43. b6 Ra1 44. b7 Rb1 45. Rc5+ Kd6 46. Rb5 Rxb5 47. cxb5 Kd5 1-0

[Event "IPCA Wch 22nd"]
[Site "Kastel"]
[Date "2023.06.18"]
[Round "6"]
[White "Zavarsky, Juraj"]
[Black "Gurbanov, Andrei"]
[Result "0-1"]
[WhiteElo "1973"]
[BlackElo "2259"]
[PlyCount "68"]
[EventDate "2023.06.13"]
[EventType "swiss"]
[EventRounds "9"]
[EventCountry "SRB"]
[SourceTitle "CBM 214 Extra"]
[Source "ChessBase"]
[SourceDate "2023.07.31"]
[SourceVersion "1"]
[SourceVersionDate "2023.07.31"]
[SourceQuality "1"]

1. d4 d5 2. c4 e6 3. Nc3 c6 4. cxd5 exd5 5. Nf3 Be6 6. Bf4 Bd6 7. Bxd6 Qxd6 8. Qb3 b6 9. Ng5 Nf6 10. Nxe6 fxe6 11. e3 0-0 12. Be2 c5 13. Qa3 Nbd7 14. 0-0 Kh8 15. Rad1 b5 16. dxc5 Nxc5 17. Bf3 Qb6 18. Qb4 Rab8 19. Qh4 b4 20. Ne2 Qa5 21. Nf4 Kg8 22. Ra1 Rfe8 23. Rfd1 Rbc8 24. Qh3 Rc6 25. Nh5 Nxh5 26. Qxh5 g6 27. Qg4 Na4 28. Rab1 Rc2 29. h4 Nxb2 30. Rd4 Qxa2 31. Rxb2 Rxb2 32. Kh2 Rxf2 33. Rxb4 Qd2 34. Qf4 Rxf3 0-1

[Event "IPCA Wch 22nd"]
[Site "Kastel"]
[Date "2023.06.14"]
[Round "2"]
[White "Gurbanov, Andrei"]
[Black "Shchukina, Ekaterina"]
[Result "1-0"]
[WhiteElo "2259"]
[BlackElo "1397"]
[PlyCount "59"]
[EventDate "2023.06.13"]
[EventType "swiss"]
[EventRounds "9"]
[EventCountry "SRB"]
[SourceTitle "CBM 214 Extra"]
[Source "ChessBase"]
[SourceDate "2023.07.31"]
[SourceVersion "1"]
[SourceVersionDate "2023.07.31"]
[SourceQuality "1"]

1. d4 Nf6 2. Nc3 d5 3. Bf4 e6 4. e3 c5 5. Nb5 Na6 6. c3 Be7 7. h3 0-0 8. Nf3 Ne4 9. a4 c4 10. b3 cxb3 11. Qxb3 Nd6 12. Bd3 Nc7 13. Na3 Nce8 14. 0-0 Nf6 15. c4 dxc4 16. Nxc4 Nxc4 17. Bxc4 h6 18. a5 Bd6 19. Ne5 a6 20. Rfc1 Bb8 21. Nc6 bxc6 22. Bxb8 Qd7 23. Rab1 Nd5 24. Be5 Rd8 25. Qd1 Nc7 26. Qg4 Ne8 27. Be2 Bb7 28. Rb6 Ra7 29. Rc5 f6 30. Bc4 1-0

[Event "IPCA Wch 21st"]
[Site "Ashdod"]
[Date "2022.05.15"]
[Round "8"]
[White "Mikheev, Stanislav Valerievi"]
[Black "Gurbanov, Andrei"]
[Result "1-0"]
[WhiteElo "2333"]
[BlackElo "2302"]
[PlyCount "99"]
[EventDate "2022.05.09"]
[EventType "swiss"]
[EventRounds "9"]
[EventCountry "ISR"]
[SourceTitle "CBM 208 Extra"]
[Source "ChessBase"]
[SourceDate "2022.07.31"]
[SourceVersion "1"]
[SourceVersionDate "2022.07.31"]
[SourceQuality "1"]

1. c4 e6 2. Nf3 d5 3. g3 dxc4 4. Qa4+ Nd7 5. Bg2 a6 6. Qxc4 b5 7. Qc2 Bb7 8. 0-0 c5 9. b3 Ngf6 10. Bb2 Be7 11. d3 0-0 12. Nbd2 Qb6 13. Rac1 Rfd8 14. Qb1 Rac8 15. a3 Nb8 16. e3 Qa7 17. b4 cxb4 18. Bd4 Qa8 19. axb4 Nbd7 20. e4 Rxc1 21. Rxc1 Rc8 22. Rxc8+ Qxc8 23. Ne1 e5 24. Ba1 Bd6 25. Nc2 Qc7 26. h3 Nb6 27. Qb3 h6 28. Kh2 Na4 29. d4 exd4 30. Bxd4 Be5 31. f4 Bxd4 32. Nxd4 Qc1 33. Qc2 Qe1 34. N4f3 Qf2 35. Qc7 Qb6 36. Qe7 Bc6 37. Ne5 Be8 38. f5 Nc3 39. Ng4 Nxg4+ 40. hxg4 Bc6 41. f6 Ne2 42. Nf3 Qf2 43. Qd6 Ng1 44. Nxg1 Bxe4 45. Nf3 Bxf3 46. Qd8+ Kh7 47. Qd3+ g6 48. Qxf3 Qb2 49. Qf4 Qc3 50. Qd6 1-0

[Event "IPCA Wch 21st"]
[Site "Ashdod"]
[Date "2022.05.10"]
[Round "2"]
[White "Gerasimova, Svetlana"]
[Black "Gurbanov, Andrei"]
[Result "1/2-1/2"]
[WhiteElo "1906"]
[BlackElo "2302"]
[PlyCount "116"]
[EventDate "2022.05.09"]
[EventType "swiss"]
[EventRounds "9"]
[EventCountry "ISR"]
[SourceTitle "CBM 208 Extra"]
[Source "ChessBase"]
[SourceDate "2022.07.31"]
[SourceVersion "1"]
[SourceVersionDate "2022.07.31"]
[SourceQuality "1"]

1. e4 e5 2. Nf3 Nc6 3. Bc4 Bc5 4. c3 Nf6 5. d4 exd4 6. cxd4 Bb4+ 7. Nbd2 Nxe4 8. d5 Nxd2 9. Bxd2 Bxd2+ 10. Qxd2 Ne7 11. d6 cxd6 12. Qxd6 0-0 13. 0-0 Nf5 14. Qd2 d6 15. Rad1 Be6 16. Bxe6 fxe6 17. Ng5 Qf6 18. Ne4 Qg6 19. Qg5 Qxg5 20. Nxg5 e5 21. Ne4 Rfd8 22. Rd5 Rac8 23. g4 Nd4 24. Rxd6 Rxd6 25. Nxd6 Rc2 26. Kg2 Rxb2 27. Re1 Nc6 28. a3 Rb3 29. Re3 Rb6 30. Rc3 Nd8 31. Nc8 Ra6 32. Re3 Nc6 33. Nd6 Nd8 34. Nc8 Nf7 35. Rb3 b6 36. Rc3 Kf8 37. Rc7 Rxa3 38. Nxa7 Nd6 39. Rd7 Nc4 40. Nc6 Ra8 41. Kf3 Rc8 42. Nb4 Rc5 43. Nd3 Ra5 44. Nb4 Ra4 45. Nc6 Ra3+ 46. Ke4 Ra2 47. Kf3 Nd2+ 48. Kg2 Nc4 49. Kg3 Rc2 50. Nb4 Rc3+ 51. Kg2 Rb3 52. Nc6 b5 53. Rb7 Rb2 54. Kg3 e4 55. Nd4 g6 56. Rxb5 Rd2 57. Ne6+ Ke7 58. Ng5 e3 1/2-1/2

[Event "ISR-ch op"]
[Site "Safed"]
[Date "2021.12.15"]
[Round "8"]
[White "Sokolovsky, Yahli"]
[Black "Gurbanov, Andrei"]
[Result "0-1"]
[WhiteElo "2390"]
[BlackElo "2275"]
[PlyCount "70"]
[EventDate "2021.12.08"]
[EventType "swiss"]
[EventRounds "9"]
[EventCountry "ISR"]
[SourceTitle "CBM 205 Extra"]
[Source "ChessBase"]
[SourceDate "2022.01.31"]
[SourceVersion "1"]
[SourceVersionDate "2022.01.31"]
[SourceQuality "1"]

1. e4 e5 2. Nf3 Nc6 3. Bb5 Nd4 4. Nxd4 exd4 5. 0-0 Bc5 6. Bc4 Qh4 7. d3 Nf6 8. Nd2 0-0 9. Nf3 Qh5 10. Bg5 c6 11. Bxf6 gxf6 12. Nd2 Qxd1 13. Raxd1 d6 14. f4 f5 15. Rf3 a5 16. a4 Bb6 17. Kf1 Bd7 18. Rg3+ Kh8 19. Nf3 f6 20. Re1 Rae8 21. Nh4 Bc7 22. Rf3 fxe4 23. dxe4 d5 24. exd5 cxd5 25. Rxe8 Rxe8 26. Bb5 Bxb5+ 27. axb5 Bb6 28. Nf5 Rc8 29. Rg3 h5 30. c3 dxc3 31. bxc3 a4 32. Rd3 a3 33. Rxd5 Rc5 34. Rd7 a2 35. Rd1 Rxb5 0-1

[Event "Online Olym Div3 A"]
[Site "Chess.com INT"]
[Date "2021.08.29"]
[Round "7.5"]
[White "Gurbanov, Andrei"]
[Black "Subramaniam, Sumanth"]
[Result "1-0"]
[WhiteElo "2259"]
[BlackElo "2155"]
[PlyCount "67"]
[EventDate "2021.08.27"]
[EventType "team-tourn (rapid)"]
[EventRounds "9"]
[EventCountry "USA"]
[SourceTitle "CBM 204 Extra"]
[Source "ChessBase"]
[SourceDate "2021.11.30"]
[SourceVersion "1"]
[SourceVersionDate "2021.11.30"]
[SourceQuality "1"]
[WhiteTeam "IPCA"]
[BlackTeam "Malaysia"]
[BlackTeamCountry "MAS"]

1. d4 Nf6 2. c4 c5 3. d5 e6 4. Nc3 exd5 5. cxd5 d6 6. Nf3 g6 7. Nd2 Bg7 8. e4 0-0 9. Be2 Re8 10. 0-0 b6 11. Bb5 Re7 12. Re1 a6 13. Bf1 b5 14. a3 Nbd7 15. Rb1 Qe8 16. b4 Bb7 17. Bb2 Rc8 18. Bxb5 axb5 19. Nxb5 Rb8 20. Nxd6 Qd8 21. N2c4 cxb4 22. axb4 Ba6 23. b5 Bxb5 24. Bxf6 Nxf6 25. Rxb5 Rxb5 26. Nxb5 Nxe4 27. d6 Rb7 28. Rxe4 Rxb5 29. g3 Qa8 30. d7 Rb8 31. Nd6 Bf8 32. Re8 Kg7 33. Rxb8 Qxb8 34. Ne8+ 1-0

[Event "Online Olym Div3 A"]
[Site "Chess.com INT"]
[Date "2021.08.28"]
[Round "5.4"]
[White "Gurbanov, Andrei"]
[Black "Winter, Ryan"]
[Result "1-0"]
[WhiteElo "2259"]
[BlackElo "2006"]
[PlyCount "111"]
[EventDate "2021.08.27"]
[EventType "team-tourn (rapid)"]
[EventRounds "9"]
[EventCountry "USA"]
[SourceTitle "CBM 204 Extra"]
[Source "ChessBase"]
[SourceDate "2021.11.30"]
[SourceVersion "1"]
[SourceVersionDate "2021.11.30"]
[SourceQuality "1"]
[WhiteTeam "IPCA"]
[BlackTeam "New Zealand"]
[BlackTeamCountry "NZL"]

1. d4 Nf6 2. c4 e6 3. Nf3 d5 4. Nc3 Bb4 5. cxd5 exd5 6. Bg5 Qd6 7. Bxf6 Qxf6 8. Qa4+ Nc6 9. Ne5 0-0 10. Nxc6 Bxc3+ 11. bxc3 bxc6 12. e3 c5 13. Be2 cxd4 14. Qxd4 Qd6 15. 0-0 Be6 16. Rab1 Rfd8 17. Rfd1 h6 18. Rb5 Qa3 19. Rd2 Rdb8 20. Qb4 Qxb4 21. Rxb4 a5 22. Rbb2 Kf8 23. f4 c6 24. Kf2 Ke7 25. Bd3 g6 26. a4 Kd8 27. c4 dxc4 28. Bxc4+ Ke7 29. Bxe6 Kxe6 30. Rbc2 Rb6 31. Rc5 Raa6 32. Kf3 Ra7 33. Rd4 f6 34. g4 Ke7 35. h4 Rb4 36. Rxc6 Rxd4 37. exd4 Rb7 38. Ke4 Rb4 39. Kd5 Rxa4 40. Rc7+ Kd8 41. Rf7 f5 42. gxf5 gxf5 43. Rxf5 Ra1 44. Kd6 Ke8 45. Rh5 a4 46. Rxh6 a3 47. Rh8+ Kf7 48. Ra8 a2 49. d5 Rf1 50. Rxa2 Rxf4 51. Rh2 Rf6+ 52. Kc7 Rh6 53. d6 Ke6 54. d7 Rh7 55. Re2+ Kf6 56. Kc8 1-0

[Event "EU-ch qual Online"]
[Site "Tornelo INT"]
[Date "2020.12.18"]
[Round "2"]
[White "Gurbanov, Andrei"]
[Black "Zarubitski, Viachaslau"]
[Result "1-0"]
[WhiteElo "2289"]
[BlackElo "2448"]
[PlyCount "101"]
[EventDate "2020.12.18"]
[EventType "swiss"]
[EventRounds "11"]
[EventCountry "POL"]
[SourceTitle "CBM 199 Extra"]
[Source "ChessBase"]
[SourceDate "2021.01.31"]
[SourceVersion "1"]
[SourceVersionDate "2021.01.31"]
[SourceQuality "1"]

1. d4 d5 2. c4 c6 3. Nf3 Nf6 4. Nc3 dxc4 5. a4 Bf5 6. e3 e6 7. Bxc4 Bb4 8. 0-0 Nbd7 9. Qe2 Bg6 10. Bd2 0-0 11. Rfc1 a5 12. Nb1 Qe7 13. Bxb4 Qxb4 14. b3 Rfe8 15. Nc3 e5 16. d5 Nc5 17. dxc6 bxc6 18. Na2 Qb6 19. Nh4 Nxb3 20. Rcb1 Bxb1 21. Rxb1 Qc5 22. Rxb3 e4 23. g3 g5 24. Ng2 Rab8 25. h4 h6 26. hxg5 hxg5 27. Qb2 Rxb3 28. Qxb3 Re7 29. Nc3 Kg7 30. Ne2 Qe5 31. Nd4 c5 32. Nc6 Qa1+ 33. Bf1 Rc7 34. Qb6 Rd7 35. Qxc5 Rd1 36. Qxg5+ Kh7 37. Qf5+ Kg7 38. Qb5 Ng4 39. Nf4 Qa2 40. Qg5+ Kf8 41. Qxg4 Qb1 42. Qc8+ Kg7 43. Qg4+ Kf8 44. Qe2 Re1 45. Qa6 Qc2 46. Nd4 Qb2 47. Qd6+ Kg7 48. Nh5+ Kh7 49. Nf5 Rxf1+ 50. Kxf1 Qb1+ 51. Kg2 1-0

[Event "EU-ch qual Online"]
[Site "Tornelo INT"]
[Date "2020.12.18"]
[Round "1"]
[White "Shahinyan, David"]
[Black "Gurbanov, Andrei"]
[Result "1/2-1/2"]
[WhiteElo "2452"]
[BlackElo "2289"]
[PlyCount "252"]
[EventDate "2020.12.18"]
[EventType "swiss"]
[EventRounds "11"]
[EventCountry "POL"]
[SourceTitle "CBM 199 Extra"]
[Source "ChessBase"]
[SourceDate "2021.01.31"]
[SourceVersion "1"]
[SourceVersionDate "2021.01.31"]
[SourceQuality "1"]

1. e4 e5 2. Nf3 Nc6 3. d4 exd4 4. Nxd4 Bb4+ 5. c3 Bc5 6. Be3 Bb6 7. Nf5 Bxe3 8. Nxe3 Nge7 9. c4 d6 10. Nc3 0-0 11. Bd3 Ng6 12. 0-0 Nf4 13. Ncd5 Nxd3 14. Qxd3 Ne5 15. Qc2 c6 16. Nc3 Be6 17. b3 Ng4 18. Nxg4 Bxg4 19. f3 Be6 20. Rad1 Qc7 21. Rd2 f5 22. Rfd1 fxe4 23. Nxe4 d5 24. cxd5 Qb6+ 25. Kh1 cxd5 26. Nc3 Rac8 27. Qb2 Rfd8 28. Nxd5 Bxd5 29. Rxd5 Rxd5 30. Rxd5 Qf6 31. Qb1 Qf4 32. Rd1 h6 33. h3 Qe3 34. Qf5 Rc1 35. Rxc1 Qxc1+ 36. Kh2 Qc7+ 37. f4 a6 38. h4 Qe7 39. Qd5+ Kh8 40. g3 Qe2+ 41. Qg2 Qe7 42. Qd2 Qc7 43. Qe2 Qd7 44. h5 Qf7 45. Kg2 Qd7 46. Kf3 Qd5+ 47. Kf2 Qd4+ 48. Kg2 Qd5+ 49. Kh3 Qd7+ 50. g4 Qf7 51. Kg3 Qc7 52. Qd3 Qe7 53. Kf3 Qc7 54. a4 Qe7 55. Qe4 Qc7 56. Qe8+ Kh7 57. Qe4+ Kh8 58. g5 Qc3+ 59. Kg4 Qc8+ 60. Qf5 Qe8 61. Qe5 Qd7+ 62. Kf3 Qd3+ 63. Qe3 Qd5+ 64. Kg3 hxg5 65. fxg5 Qd6+ 66. Kg4 Qd7+ 67. Kf4 Qd6+ 68. Qe5 Qd2+ 69. Kf5 Qd7+ 70. Qe6 Qd3+ 71. Ke5 Qe3+ 72. Kd6 Qb6+ 73. Kd7 Qd4+ 74. Kc8 Qa7 75. Qe8+ Kh7 76. Qe4+ Kh8 77. Qxb7 Qc5+ 78. Kb8 Qxg5 79. Qc8+ Kh7 80. Qxa6 Qxh5 81. Qd3+ g6 82. Kb7 Qg5 83. Qd7+ Kh6 84. b4 Qg2+ 85. Qc6 Qg4 86. Qb6 Qd7+ 87. Kb8 Qxa4 88. b5 Qf4+ 89. Qc7 Qf8+ 90. Kb7 Qf3+ 91. Qc6 Qf7+ 92. Ka6 Qa2+ 93. Kb7 Qf7+ 94. Qc7 Qd5+ 95. Ka6 Qa2+ 96. Kb6 Qe6+ 97. Qc6 Qe3+ 98. Kc7 Qe7+ 99. Qd7 Qc5+ 100. Kb7 Qc3 101. b6 Qf3+ 102. Ka7 Qa3+ 103. Kb8 Qf8+ 104. Qc8 Qd6+ 105. Qc7 Qf8+ 106. Kb7 g5 107. Qc6+ Kh5 108. Qh1+ Kg4 109. Qg2+ Kh4 110. Qh2+ Kg4 111. Qe2+ Kh4 112. Qe1+ Kh5 113. Qh1+ Kg4 114. Qe4+ Kh5 115. Qh7+ Kg4 116. Qd7+ Kh4 117. Qh7+ Kg4 118. Ka7 Qa3+ 119. Kb8 Qd6+ 120. Kb7 Kf3 121. Qh3+ Kf2 122. Qg4 Qd5+ 123. Ka7 Qa5+ 124. Kb7 Qd5+ 125. Kc7 Qc5+ 126. Kb7 Qd5+ 1/2-1/2

[Event "Ramat Gan Talent-Experience"]
[Site "Ramat Gan"]
[Date "2020.08.26"]
[Round "2.5"]
[White "Gurbanov, Andrei"]
[Black "Sokolovsky, Yahli"]
[Result "1-0"]
[WhiteElo "2298"]
[BlackElo "2095"]
[PlyCount "59"]
[EventDate "2020.08.24"]
[EventType "schev"]
[EventRounds "6"]
[EventCountry "ISR"]
[SourceTitle "CBM 198 Extra"]
[Source "ChessBase"]
[SourceDate "2020.11.30"]
[SourceVersion "1"]
[SourceVersionDate "2020.11.30"]
[SourceQuality "1"]
[WhiteTeam "Experience"]
[BlackTeam "Talent"]
[WhiteTeamCountry "ISR"]
[BlackTeamCountry "ISR"]

1. d4 d5 2. Nf3 Nf6 3. c4 c6 4. cxd5 cxd5 5. Nc3 Nc6 6. Bf4 Bf5 7. Qb3 Na5 8. Qa4+ Bd7 9. Qd1 e6 10. e3 Rc8 11. Bd3 Bb4 12. 0-0 0-0 13. Rc1 Nc4 14. Qb3 Qa5 15. a3 Bxc3 16. Rxc3 Ne4 17. Bxe4 dxe4 18. Rxc4 Rxc4 19. Qxc4 Bb5 20. Qc5 b6 21. Qe7 Re8 22. Qc7 Bxf1 23. Ne5 Bb5 24. Qxf7+ Kh8 25. h3 Qe1+ 26. Kh2 Qxf2 27. Ng4 Qh4 28. Be5 Qg5 29. Nf6 Rc8 30. Nh5 1-0

[Event "Ramat Gan Talent-Experience"]
[Site "Ramat Gan"]
[Date "2020.08.24"]
[Round "1.5"]
[White "Katkov, Michelle"]
[Black "Gurbanov, Andrei"]
[Result "0-1"]
[WhiteElo "2144"]
[BlackElo "2298"]
[PlyCount "122"]
[EventDate "2020.08.24"]
[EventType "schev"]
[EventRounds "6"]
[EventCountry "ISR"]
[SourceTitle "CBM 198 Extra"]
[Source "ChessBase"]
[SourceDate "2020.11.30"]
[SourceVersion "1"]
[SourceVersionDate "2020.11.30"]
[SourceQuality "1"]
[WhiteTeam "Talent"]
[BlackTeam "Experience"]
[WhiteTeamCountry "ISR"]
[BlackTeamCountry "ISR"]

1. d4 c5 2. d5 g6 3. e4 Bg7 4. Nf3 d6 5. Nc3 Nf6 6. Bf4 0-0 7. Be2 b5 8. Bxb5 Qb6 9. Bc1 Nxe4 10. Nxe4 Qxb5 11. Nc3 Qc4 12. Qd3 Qxd3 13. cxd3 Na6 14. 0-0 Nb4 15. Rd1 Bb7 16. Bg5 f6 17. Be3 Nxd5 18. Nxd5 Bxd5 19. d4 c4 20. Bd2 Rab8 21. Bc3 Bxf3 22. gxf3 Rb5 23. Re1 Kf7 24. Re2 Rfb8 25. Rae1 R8b7 26. Kf1 Rd5 27. Rc2 Rbb5 28. Rce2 Bf8 29. Re4 Rh5 30. Kg2 Rhg5+ 31. Rg4 h5 32. Rxg5 Rxg5+ 33. Kf1 Rf5 34. Kg2 Rd5 35. Re4 f5 36. Re2 Bg7 37. Rd2 e5 38. dxe5 Rxd2 39. Bxd2 Bxe5 40. Bc1 Ke6 41. h3 d5 42. Kf1 d4 43. Ke2 Kd5 44. b3 d3+ 45. Ke3 Bd4+ 46. Kd2 Bxf2 47. Ba3 Bc5 48. bxc4+ Kxc4 49. Bb2 Bb4+ 50. Kd1 Bc3 51. Ba3 Kd4 52. Bc1 d2 53. Ba3 Ke3 54. Bc5+ Kxf3 55. Bxa7 Kg2 56. Be3 Kxh3 57. a4 Kg3 58. Bb6 h4 59. a5 h3 60. a6 h2 61. Bc7+ f4 0-1

[Event "Online Olym Div2 B"]
[Site "Chess.com INT"]
[Date "2020.08.14"]
[Round "2.1"]
[White "Gurbanov, Andrei"]
[Black "Ftacnik, Lubomir"]
[Result "0-1"]
[WhiteElo "2298"]
[BlackElo "2513"]
[PlyCount "36"]
[EventDate "2020.08.14"]
[EventType "team-tourn (rapid)"]
[EventRounds "9"]
[EventCountry "USA"]
[SourceTitle "CBM 198"]
[Source "ChessBase"]
[SourceDate "2020.10.31"]
[SourceVersion "1"]
[SourceVersionDate "2020.10.31"]
[SourceQuality "1"]
[WhiteTeam "IPCA"]
[BlackTeam "Slovakia"]
[BlackTeamCountry "SVK"]

1. d4 Nf6 2. c4 g6 3. Nc3 d5 4. cxd5 Nxd5 5. Na4 Bg7 6. e4 Nb4 7. a3 N4c6 8. d5 Ne5 9. f4 Ned7 10. Nf3 c6 11. e5 cxd5 12. Qxd5 0-0 13. Be3 Nxe5 14. Qxe5 Bxe5 15. Nxe5 Nc6 16. Nxc6 bxc6 17. Nc5 Rb8 18. Rd1 Qa5+ 0-1

[Event "Online Olym Div2 B"]
[Site "Chess.com INT"]
[Date "2020.08.14"]
[Round "1.1"]
[White "Miron, Lucian Costin"]
[Black "Gurbanov, Andrei"]
[Result "1/2-1/2"]
[WhiteElo "2507"]
[BlackElo "2298"]
[PlyCount "126"]
[EventDate "2020.08.14"]
[EventType "team-tourn (rapid)"]
[EventRounds "9"]
[EventCountry "USA"]
[SourceTitle "CBM 198"]
[Source "ChessBase"]
[SourceDate "2020.10.31"]
[SourceVersion "1"]
[SourceVersionDate "2020.10.31"]
[SourceQuality "1"]
[WhiteTeam "Romania"]
[BlackTeam "IPCA"]
[WhiteTeamCountry "ROU"]

1. d4 Nf6 2. c4 e6 3. Nc3 d5 4. cxd5 exd5 5. Bg5 Be7 6. e3 c6 7. Bd3 Nbd7 8. Qc2 0-0 9. Nge2 Re8 10. 0-0 Nf8 11. f3 Be6 12. Rad1 Rc8 13. Kh1 Qa5 14. a3 c5 15. Bb5 cxd4 16. Nxd4 Red8 17. Bd3 h6 18. Bh4 a6 19. Qa4 Qxa4 20. Nxa4 b5 21. Nb6 Rb8 22. Nc6 Bc5 23. Nxd8 Rxd8 24. e4 Bxb6 25. exd5 Rxd5 26. Bxf6 gxf6 27. Be4 Rh5 28. g4 Rc5 29. Rd2 Bc7 30. Rfd1 Ng6 31. Kg2 Nf4+ 32. Kf2 Be5 33. Rd8+ Kg7 34. Ra8 Bxb2 35. Rdd8 f5 36. gxf5 Bxf5 37. Rxa6 Bxe4 38. fxe4 Rc2+ 39. Kf3 Ne6 40. Rb8 Rxh2 41. Ra7 Ng5+ 42. Kg4 Rg2+ 43. Kf5 Ne6 44. e5 Rg5+ 45. Ke4 Rxe5+ 46. Kf3 h5 47. Rbb7 Rf5+ 48. Kg2 Bc3 49. Ra6 Nf4+ 50. Kf3 Ng6+ 51. Ke4 Re5+ 52. Kd3 Ba1 53. Rab6 Nf4+ 54. Kd2 h4 55. Rxb5 h3 56. Rxe5 Bxe5 57. Ke3 h2 58. Rb1 Nh3 59. Kf3 Nf4 60. a4 Ne6 61. Kg2 Kf6 62. a5 Nc7 63. a6 Nxa6 1/2-1/2